Eastern Utah Libraries Catalog: Duchesne, Heber, Roosevelt, & Vernal

The human scale / (Record no. 411915)

MARC details
000 -LEADER
fixed length control field 01679pam a2200457 i 4500
001 - CONTROL NUMBER
control field 2024028525
003 - CONTROL NUMBER IDENTIFIER
control field DLC
005 - DATE AND TIME OF LATEST TRANSACTION
control field 20250929121250.0
008 - FIXED-LENGTH DATA ELEMENTS--GENERAL INFORMATION
fixed length control field 240701s2025 nyu b 000 1 eng
010 ## - LIBRARY OF CONGRESS CONTROL NUMBER
LC control number 2024028525
020 ## - INTERNATIONAL STANDARD BOOK NUMBER
International Standard Book Number 9780593537831
Qualifying information (hardcover)
020 ## - INTERNATIONAL STANDARD BOOK NUMBER
Cancelled/invalid ISBN 9780593686249
Qualifying information (paperback)
020 ## - INTERNATIONAL STANDARD BOOK NUMBER
Cancelled/invalid ISBN 9780593537848
Qualifying information (ebook)
035 ## - SYSTEM CONTROL NUMBER
System control number (OCoLC)1440667988
040 ## - CATALOGING SOURCE
Original cataloging agency DLC
Language of cataloging eng
Description conventions rda
Transcribing agency DLC
Modifying agency TnLvILS
042 ## - AUTHENTICATION CODE
Authentication code pcc
042 ## - AUTHENTICATION CODE
Authentication code awba---
-- a-is---
-- n-us---
050 00 - LIBRARY OF CONGRESS CALL NUMBER
Classification number PS3573.R53685
Item number H86 2025
082 00 - DEWEY DECIMAL CLASSIFICATION NUMBER
Classification number 813/.54
Edition number 23/eng/20240701
100 1# - MAIN ENTRY--PERSONAL NAME
Personal name Wright, Lawrence,
Dates associated with a name 1947-
Relator term author.
9 (RLIN) 6050
245 14 - TITLE STATEMENT
Title The human scale /
Statement of responsibility, etc Lawrence Wright.
250 ## - EDITION STATEMENT
Edition statement First hardcover edition.
264 #1 - Production, Publication, Distribution, Manufacture, and Copyright Notice.
Place of production, publication, distribution, manufacture New York :
Name of producer, publisher, distributor, manufacturer Alfred A. Knopf,
Date of production, publication, distribution, manufacture, or copyr 2025.
300 ## - PHYSICAL DESCRIPTION
Extent 429 pages ;
Dimensions 25 cm
336 ## - Content Type
Content type term text
337 ## - Media type
Media type term unmediated
338 ## - Carrier type
Carrier type term volume
500 ## - GENERAL NOTE
General note "A Borzoi book"--Title page verso.
500 ## - GENERAL NOTE
General note "A novel"--Jacket.
504 ## - BIBLIOGRAPHY, ETC. NOTE
Bibliography, etc Includes bibliographical references.
520 ## - SUMMARY, ETC.
Summary, etc A Palestinian American FBI agent teams up with a hardline Israeli cop to solve the murder of the Israeli police chief in Gaza.
650 #0 - SUBJECT ADDED ENTRY--TOPICAL TERM
Topical term or geographic name as entry element Palestinian Americans
Form subdivision Fiction.
9 (RLIN) 5764854
650 #0 - SUBJECT ADDED ENTRY--TOPICAL TERM
Topical term or geographic name as entry element Multiracial people
Form subdivision Fiction.
9 (RLIN) 6540706
650 #0 - SUBJECT ADDED ENTRY--TOPICAL TERM
Topical term or geographic name as entry element Families
Geographic subdivision West Bank
Form subdivision Fiction.
9 (RLIN) 6552705
650 #0 - SUBJECT ADDED ENTRY--TOPICAL TERM
Topical term or geographic name as entry element Murder
General subdivision Investigation
Form subdivision Fiction.
9 (RLIN) 5673630
650 #0 - SUBJECT ADDED ENTRY--TOPICAL TERM
Topical term or geographic name as entry element Police
Geographic subdivision Israel
Form subdivision Fiction.
9 (RLIN) 6552706
610 10 - SUBJECT ADDED ENTRY--CORPORATE NAME
Corporate name or jurisdiction name as entry element United States.
Subordinate unit Federal Bureau of Investigation
General subdivision Employees
Form subdivision Fiction.
9 (RLIN) 5690657
655 #7 - INDEX TERM--GENRE/FORM
Genre/form data or focus term Thrillers (Fiction)
Source of term lcgft
655 #7 - INDEX TERM--GENRE/FORM
Genre/form data or focus term Crime fiction.
Source of term lcgft
9 (RLIN) 6552707
655 #7 - INDEX TERM--GENRE/FORM
Genre/form data or focus term Novels.
Source of term lcgft
Holdings
Withdrawn status Lost status Source of classification or shelving scheme Damaged status Not for loan Collection code Home library Current library Shelving location Date acquired Source of acquisition Total Checkouts Full call number Barcode Date last seen Date checked out Cost, replacement price Price effective from Koha item type
    Dewey Decimal Classification     Fiction Wasatch County Library Wasatch County Library First Floor 10/07/2025 Ingram 1 F Wright 34301002169565 10/20/2025 10/09/2025 30.00 10/07/2025 BOOK
This project was made possible through a grant from the Institute of Museum and Library Service administered by the Utah State Library Division.

Wasatch County Library

  • 465 East 1200 South, Heber City, Utah 84032
  • Phone 435-654-1511 | Fax 435-654-6456

Hours

  • Monday - Friday 9:30 AM - 8:00 PM
  • Saturday 9:30 AM - 1:30 PM
  • Closed Sundays and Holidays